| 000 | 00671nam a2200181 i 4500 | ||
|---|---|---|---|
| 001 | 82549 | ||
| 003 | ES-MaACL | ||
| 005 | 20230906174708.0 | ||
| 007 | t| | ||
| 008 | 041111s1947 ag |||| | spa d | ||
| 100 | 1 |
_aHuart, Clément. _964465 |
|
| 245 | 1 | 0 |
_aLiteratura árabe / _cpor Clémet Huart ; con un prólogo estudio del erudito orientalista argentino Osvaldo A. Machado sobre "La cultura árabe y su historia literaria". |
| 260 |
_aBuenos Aires : _bEl Nilo, _c[1947] ( _fPatagonia) |
||
| 300 |
_aXVI, 607 p. : _bil. ; _c23 cm. |
||
| 650 | 4 |
_aLiteratura árabe- _xHistoria y crítica. _9168353 |
|
| 700 | 1 |
_aMachado, Osvaldo A. _975165 |
|
| 852 |
_aES-MaACL _jC-5019 |
||
| 999 |
_c82549 _d82549 |
||